| 000 | 00643nam a22001937a 4500 | ||
|---|---|---|---|
| 005 | 20241014113614.0 | ||
| 008 | 240513b ag |||||||| |||| 00| 0 spa d | ||
| 050 | 0 | 4 |
_aLB1607 _bM35 1965 |
| 100 | 1 | _aMcKean, Robert C. | |
| 240 | 1 | 0 |
_aSecondary education _lEspañol |
| 245 | 1 | 0 |
_aPrincipios y métodos en la educación secundaria _c / Robert C. Mckean ; traducción de Cesar Magrini. |
| 250 | _a1a ed. | ||
| 260 |
_aBuenos Aires : _bTroquel, _c1965 |
||
| 300 |
_a374 p. ; _c23 cm. |
||
| 504 | _aIncluye bibliografía | ||
| 650 | 7 |
_2lemb _aEducación media superior _zEstados Unidos |
|
| 700 | 1 |
_aMagrini, Cesar, _etraductor |
|
| 942 |
_2lcc _cLIB |
||
| 999 |
_c55696 _d55696 |
||